000
00314nam a2200109Ia 4500
008
200302s9999 xx 000 0 und d
100
_a
Edward A. Hamilton
245
_a
Graphic Design for the Computer Age Visual Communication for All Media
260
_b
Van Nostrand Reinhold Co.,
260
_c
1970
300
_a
191 P.,
999
_c
424
_d
424